Hohere algebra

Αποθηκεύτηκε σε:
Λεπτομέρειες βιβλιογραφικής εγγραφής
Κύριος συγγραφέας: Hasse, Helmut, 1898-1979
Μορφή: Βιβλίο
Γλώσσα:German
Δημοσίευση: Berlin : Walter de Gruyter, 1933-1937
Έκδοση:2 Aufl.
Σειρά:Sammlung Goschen ; ; 931 ; 932
Θέματα:
Ετικέτες: Προσθήκη ετικέτας
Δεν υπάρχουν, Καταχωρήστε ετικέτα πρώτοι!

MARC

LEADER 00000cam a2200000 i 4500
001 1/7437
008 100513m19331937 ger d
035 |l 10107861 
040 |a GR-MY-UA  |b gre  |e aacr 
041 0 |a ger 
082 0 |a 512  |2 (22) 
100 1 |a Hasse, Helmut,   |d 1898-1979. 
245 1 0 |a Hohere algebra /  |c Helmut Hasse 
250 |a 2 Aufl. 
260 |a Berlin :   |b Walter de Gruyter,   |c 1933-1937 
300 |a 2 τ.;  |c 16 εκ. 
490 1 |a Sammlung Goschen  |v ; 931  |v ; 932 
504 |a Περιέχει ευρετήριο 
505 0 |a Τ. 1. Lineare gleichungen -- τ. 2. Gleichungen hoheren grades 
650 0 0 |a Algebra. 
740 0 2 |a Lineare gleichungen 
740 0 2 |a Gleichungen hiheren grades 
830 0 |a Sammlung Goschen ;  |v ; 931  |v ; 932 
852 |a INST  |b SAMOS  |c MAG  |e 20100513  |h 512 HAS  |p 005300031882  |q 005300031882  |t BK  |v τ.1:  |y 0  |z τ.1 
852 |a INST  |b SAMOS  |c MAG  |e 20100513  |h 512 HAS  |p 005300031884  |q 005300031884  |t BK  |v τ.2:  |y 0  |z τ.2 
853 |a INST  |b SAMOS  |c MAG  |h 512 HAS 
901 |a BIBL3-2010-2 
909 |a Σ  |b 162318 
909 |a Σ  |b 162316 
970 |a ΣΙΤΖΙΜΗ  |b ΓΙΑΣΕΜΗ  |z 2010/05/13